Del istmo y sus mujeres (Record no. 10726)

MARC details
000 -CABECERA
campo de control de longitud fija 01033nam a2200241 a 4500
001 - NÚMERO DE CONTROL
campo de control BRL_1918
005 - FECHA Y HORA DE LA ÚLTIMA TRANSACCIÓN
campo de control 20190320211432.0
008 - DATOS DE LONGITUD FIJA--INFORMACIÓN GENERAL
campo de control de longitud fija 180815s1992----mx-o######---#000-0#spa-#
020 ## - NÚMERO INTERNACIONAL ESTÁNDAR DEL LIBRO
Número Internacional Estándar del Libro 9682944600
041 ## - CÓDIGO DE LENGUA
Código de lengua del texto/banda sonora o título independiente spa
050 #4 - SIGNATURA TOPOGRÁFICA DE LA BIBLIOTECA DEL CONGRESO
Número de clasificación N7629.2.M6
Número de documento/Ítem .I87 1992
245 10 - MENCIÓN DE TÍTULO
Título Del istmo y sus mujeres
Resto del título tehuanas en el arte mexicano : Museo Nacional de Arte, agosto-noviembre 1992, Ciudad de Mexico
Mención de responsabilidad, etc. [coord., Claudio Barron, Ana Paulina Gamez, Luis Martin Lozano]
260 ## - PUBLICACIÓN, DISTRIBUCIÓN, ETC.
Lugar de publicación, distribución, etc. Ciudad de México
Nombre del editor, distribuidor, etc. Consejo Nacional para la Cultura y las Artes : INBA
Fecha de publicación, distribución, etc. 1992
300 ## - DESCRIPCIÓN FÍSICA
Extensión 197 p.
Otras características físicas il.
Dimensiones 28 cm.
Material acompañante/anejo + Material didáctico (Niisa la tehuanita del istmo, 16 p., 17 cm.)
500 ## - NOTA GENERAL
Nota general Au1958
650 14 - PUNTO DE ACCESO ADICIONAL DE MATERIA--TÉRMINO DE MATERIA
Término de materia o nombre geográfico como elemento de entrada Mujeres en el arte
Subdivisión de forma Exposiciones
9 (RLIN) 11112
650 14 - PUNTO DE ACCESO ADICIONAL DE MATERIA--TÉRMINO DE MATERIA
Término de materia o nombre geográfico como elemento de entrada Mujeres
Subdivisión de forma Exposiciones
Subdivisión geográfica Mexico - Tehuantepec, Istmo de
9 (RLIN) 28234
650 14 - PUNTO DE ACCESO ADICIONAL DE MATERIA--TÉRMINO DE MATERIA
Término de materia o nombre geográfico como elemento de entrada Arte moderno
Subdivisión de forma Exposiciones
Subdivisión cronológica Siglo XIX
Subdivisión geográfica México
9 (RLIN) 28235
650 14 - PUNTO DE ACCESO ADICIONAL DE MATERIA--TÉRMINO DE MATERIA
Término de materia o nombre geográfico como elemento de entrada Arte moderno
Subdivisión de forma Exposiciones
Subdivisión cronológica Siglo XX
Subdivisión geográfica México
9 (RLIN) 28236
710 2# - PUNTO DE ACCESO ADICIONAL--NOMBRE DE ENTIDAD CORPORATIVA
Nombre de entidad corporativa o nombre de jurisdicción como elemento de entrada Museo Nacional de Arte (Mexico)
9 (RLIN) 114
902 ## - CATALOGADOR
Iniciales GRL
942 ## - ELEMENTOS DE PUNTO DE ACCESO ADICIONAL (KOHA)
Fuente del sistema de clasificación o colocación Library of Congress Classification
Tipo de ítem Koha Libros
Holdings
Estado de retiro Estado de pérdida Estado dañado No para préstamo Localización permanente Ubicación/localización actual Fecha de adquisición Número de inventario Total de préstamos Signatura topográfica completa Código de barras Fecha visto por última vez Precio válido a partir de Tipo de ítem Koha
El ejemplar forma parte de la colección y puede ser consultado según las políticas vigentes.       Biblioteca Centro de Estudios Ruth D. Lechuga Biblioteca Centro de Estudios Ruth D. Lechuga 18/08/2015 Au1958   N7629.2.M6 .I87 1992 (Au1958) GRL02125 22/03/2019 22/03/2019 Libros